[Event "Nanjing New Vigorous op 4th"]
[Site "Nanjing"]
[Date "2024.11.24"]
[Round "8"]
[White "Chen, Zimu"]
[Black "Jiang, Qinyu"]
[Result "1-0"]
[WhiteElo "1984"]
[BlackElo "2014"]
[PlyCount "71"]
[EventDate "2024.11.21"]
[EventType "swiss"]
[EventRounds "9"]
[EventCountry "CHN"]
[SourceTitle "CB48_2024"]
[SourceDate "2024.11.28"]
[SourceVersion "1"]
[SourceVersionDate "2024.11.28"]
[SourceQuality "1"]

1. Nf3 d5 2. g3 c5 3. Bg2 Nf6 4. 0-0 Nc6 5. d4 e6 6. c4 dxc4 7. Ne5 Bd7 8. Nxc6 Bxc6 9. Bxc6+ bxc6 10. dxc5 Qxd1 11. Rxd1 Bxc5 12. Nd2 0-0-0 13. Rf1 c3 14. bxc3 Nd5 15. Ne4 Be7 16. c4 Nf6 17. Ng5 Rhf8 18. Rb1 Rd4 19. Bf4 Nd7 20. Rfc1 h6 21. Nf3 Re4 22. Nd2 Rd4 23. Be3 Rg4 24. h3 Rg6 25. Bxa7 Kc7 26. Be3 Ra8 27. Rc2 Bg5 28. f4 Bxf4 29. Bxf4+ e5 30. Be3 Rxg3+ 31. Kf2 Rxh3 32. Nf3 g5 33. Rd2 g4 34. Nxe5 Re8 35. Rxd7+ Kc8 36. Rbb7 1-0

[Event "CHN-RUS Youth rapid"]
[Site "Harbin"]
[Date "2024.11.04"]
[Round "3.7"]
[White "Chen, Zimu"]
[Black "Morozova, Aleksandra Art"]
[Result "1-0"]
[WhiteElo "2263"]
[BlackElo "1793"]
[PlyCount "67"]
[EventDate "2024.11.04"]
[EventType "schev (rapid)"]
[EventRounds "8"]
[EventCountry "CHN"]
[SourceTitle "CB45_2024"]
[Source "ChessBase"]
[SourceDate "2024.11.06"]
[SourceVersion "1"]
[SourceVersionDate "2024.11.06"]
[SourceQuality "1"]

1. e4 c5 2. g3 Nc6 3. Bg2 g6 4. Ne2 Bg7 5. c3 Qb6 6. Na3 e6 7. d3 Nge7 8. 0-0 0-0 9. Nc4 Qc7 10. Bf4 e5 11. Bd2 b5 12. Ne3 d6 13. a4 Rb8 14. axb5 Rxb5 15. Qc1 Qb8 16. Rb1 Na5 17. Qc2 Nb3 18. Be1 f5 19. f4 Bh6 20. Nc4 fxe4 21. dxe4 exf4 22. Nxf4 Bxf4 23. gxf4 Be6 24. Ne3 Na5 25. Bh4 Qc7 26. f5 Bb3 27. Qe2 c4 28. Nd5 Nxd5 29. exd5 gxf5 30. Rbe1 Qf7 31. Qf2 Rb7 32. Kh1 h6 33. Re6 Kh7 34. Qf4 1-0

[Event "CHN-RUS Youth rapid"]
[Site "Harbin"]
[Date "2024.11.04"]
[Round "4.6"]
[White "Minnullin, Kirill"]
[Black "Chen, Zimu"]
[Result "0-1"]
[WhiteElo "1710"]
[BlackElo "2263"]
[PlyCount "80"]
[EventDate "2024.11.04"]
[EventType "schev (rapid)"]
[EventRounds "8"]
[EventCountry "CHN"]
[SourceTitle "CB45_2024"]
[Source "ChessBase"]
[SourceDate "2024.11.06"]
[SourceVersion "1"]
[SourceVersionDate "2024.11.06"]
[SourceQuality "1"]

1. e4 c5 2. Nc3 Nc6 3. f4 e6 4. Nf3 a6 5. a4 d5 6. d3 Nf6 7. e5 d4 8. Ne4 Nxe4 9. dxe4 b6 10. Bc4 Qc7 11. 0-0 Bb7 12. Bd2 Be7 13. Kh1 0-0 14. Qe1 Kh8 15. c3 Na5 16. Ba2 d3 17. f5 c4 18. Bf4 Qc6 19. Qf2 Qxe4 20. Nd4 Bc5 21. Rae1 Qxf5 22. Nxf5 Bxf2 23. Rxf2 exf5 24. Be3 Bd5 25. Bxb6 Nc6 26. a5 Rfe8 27. Rxf5 f6 28. e6 Bxe6 29. Rc5 Ne5 30. Bc7 d2 31. Rd1 Nd3 32. Rxd2 Nxc5 33. h3 Rac8 34. Bh2 h5 35. Bb1 Bxh3 36. Bg6 Re1+ 37. Bg1 Bg4 38. Kh2 Nd3 39. b3 Ne5 40. b4 Nxg6 0-1

[Event "Binhai Cup-A 4th"]
[Site "Binhai"]
[Date "2024.08.20"]
[Round "5"]
[White "Chen, Zimu"]
[Black "Jiang, Haochen"]
[Result "0-1"]
[WhiteElo "2155"]
[BlackElo "2344"]
[PlyCount "42"]
[EventDate "2024.08.18"]
[EventType "swiss"]
[EventRounds "9"]
[EventCountry "CHN"]
[SourceTitle "CBM 221 Extra"]
[Source "ChessBase"]
[SourceDate "2024.09.30"]
[SourceVersion "1"]
[SourceVersionDate "2024.09.30"]
[SourceQuality "1"]

1. d4 Nf6 2. Bg5 d5 3. e3 c5 4. Bxf6 gxf6 5. dxc5 e6 6. c4 dxc4 7. Nd2 c3 8. bxc3 Nd7 9. Bb5 a6 10. Ba4 Bxc5 11. Qh5 f5 12. e4 b5 13. Bc2 Bb7 14. Qe2 Qf6 15. Rd1 Rg8 16. g3 Qxc3 17. Bb1 Nf6 18. exf5 Bxh1 19. fxe6 Rg5 20. f4 Rd5 21. exf7+ Kxf7 0-1

[Event "CHN-chT Div-B"]
[Site "Binhai"]
[Date "2024.08.15"]
[Round "6.1"]
[White "Xiang, Zeyu"]
[Black "Chen, Zimu"]
[Result "1/2-1/2"]
[WhiteElo "2444"]
[BlackElo "2155"]
[PlyCount "106"]
[EventDate "2024.08.12"]
[EventType "team-swiss"]
[EventRounds "9"]
[EventCountry "CHN"]
[SourceTitle "CBM 221 Extra"]
[Source "ChessBase"]
[SourceDate "2024.09.30"]
[SourceVersion "1"]
[SourceVersionDate "2024.09.30"]
[SourceQuality "1"]
[WhiteTeam "Hangzhou Chess Assoc"]
[BlackTeam "Beijing"]
[WhiteTeamCountry "CHN"]
[BlackTeamCountry "CHN"]

1. e4 Nf6 2. e5 Nd5 3. d4 d6 4. Nf3 g6 5. Bc4 Nb6 6. Bb3 Bg7 7. Ng5 e6 8. Qf3 Qe7 9. Ne4 dxe5 10. dxe5 h6 11. Nf6+ Kf8 12. Qc3 N8d7 13. Be3 Nd5 14. Bxd5 exd5 15. Qxc7 d4 16. Nxd7+ Bxd7 17. Bxd4 Rc8 18. Qa5 Qh4 19. Qa3+ Kg8 20. Qe3 Rxc2 21. Na3 Rc8 22. 0-0 Kh7 23. Bxa7 b5 24. Rad1 Bc6 25. Bd4 Rhe8 26. Rfe1 Qg4 27. f3 Qf5 28. Nb1 Rcd8 29. Nd2 h5 30. Nb3 b4 31. Qf2 Ba4 32. f4 Bh6 33. Be3 Bxb3 34. axb3 Rd3 35. Rxd3 Qxd3 36. Bc5 Rc8 37. e6 fxe6 38. Bxb4 Bg7 39. Bc3 Bxc3 40. bxc3 Rxc3 41. h3 Rc2 42. Qa7+ Kh6 43. Qe3 Qd5 44. Qg3 Rb2 45. Re5 Rb1+ 46. Kh2 Qd4 47. Qg5+ Kh7 48. Qe7+ Kh6 49. Qf8+ Kh7 50. Qf7+ Kh6 51. Qf8+ Kh7 52. Qe7+ Kh6 53. Qf8+ Kh7 1/2-1/2

[Event "CHN-chT Div-B"]
[Site "Binhai"]
[Date "2024.08.12"]
[Round "1.1"]
[White "Chen, Zimu"]
[Black "Zhang, Haoxu"]
[Result "1-0"]
[WhiteElo "2155"]
[BlackElo "1938"]
[PlyCount "59"]
[EventDate "2024.08.12"]
[EventType "team-swiss"]
[EventRounds "9"]
[EventCountry "CHN"]
[SourceTitle "CBM 221 Extra"]
[Source "ChessBase"]
[SourceDate "2024.09.30"]
[SourceVersion "1"]
[SourceVersionDate "2024.09.30"]
[SourceQuality "1"]
[WhiteTeam "Beijing"]
[BlackTeam "Beijing Li Chess"]
[WhiteTeamCountry "CHN"]
[BlackTeamCountry "CHN"]

1. d4 Nf6 2. Bg5 d6 3. Bxf6 gxf6 4. e3 c5 5. c3 Qb6 6. Na3 Nc6 7. Nc4 Qc7 8. d5 Ne5 9. Nd2 a6 10. f4 Ng4 11. Qf3 f5 12. Bd3 b5 13. Ne2 Qb6 14. Bc2 Rb8 15. Ng3 c4 16. Ke2 Nh6 17. h3 Rg8 18. Rhe1 Bg7 19. Kf1 b4 20. e4 Qc5 21. exf5 Kf8 22. Rad1 bxc3 23. Nde4 Qa7 24. f6 Bxf6 25. Nxf6 exf6 26. Qxc3 Bxh3 27. gxh3 Rxb2 28. Qxf6 Rxg3 29. Qxh6+ Rg7 30. Qxd6+ 1-0

[Event "Daqing Boyi Cup-A"]
[Site "Daqing"]
[Date "2024.07.15"]
[Round "5"]
[White "Chen, Zimu"]
[Black "Chen, Zhongkai"]
[Result "1/2-1/2"]
[WhiteElo "2147"]
[BlackElo "1838"]
[PlyCount "121"]
[EventDate "2024.07.13"]
[EventType "tourn"]
[EventRounds "9"]
[EventCountry "CHN"]
[SourceTitle "CBM 221 Extra"]
[Source "ChessBase"]
[SourceDate "2024.09.30"]
[SourceVersion "1"]
[SourceVersionDate "2024.09.30"]
[SourceQuality "1"]

1. e4 c5 2. c3 Nf6 3. e5 Nd5 4. Nf3 Nc6 5. Bc4 Nb6 6. Bb3 c4 7. Bc2 d5 8. exd6 Qxd6 9. 0-0 Bg4 10. Re1 e6 11. a4 Be7 12. Na3 0-0 13. h3 Bh5 14. a5 Nxa5 15. Nb5 Qc5 16. Rxa5 a6 17. g4 Bg6 18. Bxg6 fxg6 19. Re5 Nd5 20. b4 cxb3 21. Ba3 Qb6 22. Bxe7 Rxf3 23. Qxf3 b2 24. Re1 Qxa5 25. Nd6 Qc7 26. Qf7+ Kh8 27. Qxe6 Qxe7 28. Qxe7 Nxe7 29. Rb1 b5 30. Rxb2 Nc8 31. Nb7 Ra7 32. Nc5 Nd6 33. d3 Kg8 34. f4 a5 35. Kf2 Rc7 36. d4 Rf7 37. Kf3 a4 38. Re2 a3 39. Ra2 Nc4 40. d5 g5 41. f5 g6 42. Ke4 gxf5+ 43. gxf5 Kg7 44. Ne6+ Kf6 45. Kd4 Kxf5 46. Kc5 Rd7 47. Nd4+ Ke4 48. Nxb5 Kd3 49. d6 h5 50. Kc6 Rg7 51. Nxa3 Nxd6 52. Kxd6 Kxc3 53. Nb1+ Kd3 54. Ke5 g4 55. h4 g3 56. Rg2 Ke3 57. Nd2 Rg4 58. Nf1+ Kf3 59. Rxg3+ Rxg3 60. Nxg3 Kxg3 61. Ke4 1/2-1/2

[Event "Daqing Boyi Cup-A"]
[Site "Daqing"]
[Date "2024.07.14"]
[Round "3"]
[White "Wang, Hao3"]
[Black "Chen, Zimu"]
[Result "1-0"]
[WhiteElo "2022"]
[BlackElo "2147"]
[PlyCount "149"]
[EventDate "2024.07.13"]
[EventType "tourn"]
[EventRounds "9"]
[EventCountry "CHN"]
[SourceTitle "CBM 221 Extra"]
[Source "ChessBase"]
[SourceDate "2024.09.30"]
[SourceVersion "1"]
[SourceVersionDate "2024.09.30"]
[SourceQuality "1"]

1. e4 c5 2. Nf3 d6 3. d4 cxd4 4. Nxd4 Nf6 5. Nc3 Nc6 6. Bg5 e6 7. Qd2 a6 8. 0-0-0 Bd7 9. f4 b5 10. Nxc6 Bxc6 11. Qd4 Be7 12. Bd3 h6 13. Bh4 g5 14. fxg5 e5 15. Qg1 Nh5 16. Bf2 Bxg5+ 17. Kb1 Nf4 18. g3 Ng6 19. Bb6 Qd7 20. Qf2 Bd8 21. Be2 Bxb6 22. Qxb6 Ne7 23. Rhf1 Qe6 24. Qc7 d5 25. exd5 Bxd5 26. Nxd5 Nxd5 27. Rxd5 Qxd5 28. Bf3 e4 29. Bxe4 Qxe4 30. Qxf7+ Kd8 31. Qf6+ Kc7 32. Qg7+ Kb6 33. Rf6+ Qc6 34. b4 h5 35. a4 bxa4 36. c4 Rhc8 37. Rxc6+ Kxc6 38. Qg6+ Kb7 39. c5 Rc6 40. Qxh5 Rac8 41. Qd5 Ka7 42. Qd1 R6c7 43. Ka2 Rb7 44. Ka3 Rcb8 45. Qxa4 Rb5 46. h4 a5 47. h5 Ka6 48. h6 Rh8 49. Qc2 axb4+ 50. Ka4 Ra5+ 51. Kb3 Rxh6 52. c6 Ra3+ 53. Kxb4 Rxg3 54. Qe2+ Kb6 55. Qf2+ Kxc6 56. Qxg3 Rd6 57. Qe5 Rd5 58. Qe4 Kd6 59. Kc4 Rc5+ 60. Kd4 Rb5 61. Qg6+ Kc7 62. Kc4 Ra5 63. Qe6 Kb7 64. Kb4 Ra6 65. Qd7+ Kb8 66. Qb5+ Ka7 67. Kc5 Ra3 68. Kd6 Rg3 69. Qe5 Rh3 70. Qa1+ Kb7 71. Qb1+ Ka7 72. Qa2+ Kb8 73. Qg8+ Ka7 74. Qf7+ Kb6 75. Qc7+ 1-0

[Event "CHN-ch Gp-B"]
[Site "Liaocheng"]
[Date "2024.04.23"]
[Round "6"]
[White "Yao, Yuhang"]
[Black "Chen, Zimu"]
[Result "0-1"]
[WhiteElo "1887"]
[BlackElo "2075"]
[PlyCount "182"]
[EventDate "2024.04.21"]
[EventType "swiss"]
[EventRounds "11"]
[EventCountry "CHN"]
[SourceTitle "CBM 219 Extra"]
[Source "ChessBase"]
[SourceDate "2024.05.31"]
[SourceVersion "1"]
[SourceVersionDate "2024.05.31"]
[SourceQuality "1"]

1. e4 Nf6 2. e5 Nd5 3. d4 d6 4. Nf3 g6 5. Bc4 Nb6 6. Bb3 Bg7 7. Qe2 0-0 8. h3 Nc6 9. 0-0 a5 10. c3 a4 11. Bc2 Be6 12. Na3 Bd5 13. Be4 dxe5 14. dxe5 Bxe4 15. Qxe4 Qd5 16. Qxd5 Nxd5 17. Re1 e6 18. Bd2 Rfd8 19. Rad1 h6 20. Nb5 Na5 21. Bc1 Bf8 22. a3 Kh7 23. g3 c6 24. Nbd4 b5 25. Nc2 c5 26. Nd2 b4 27. cxb4 cxb4 28. axb4 Nxb4 29. Nxb4 Bxb4 30. Rf1 Rd5 31. Ne4 Kg7 32. Nf6 Rxd1 33. Rxd1 Nc4 34. f4 Bc5+ 35. Kh1 Be7 36. Ne4 Ra7 37. Nc3 Bb4 38. Rd4 Rc7 39. Nxa4 Nxe5 40. Bd2 Bxd2 41. Rxd2 Nf3 42. Re2 Rc4 43. Nc3 Rb4 44. Kg2 Nd4 45. Rf2 h5 46. h4 Nf5 47. Re2 Kf8 48. Kf2 Rd4 49. Rc2 Ke7 50. Ne2 Rb4 51. Nc3 Nd6 52. Kf3 Rb3 53. Kg2 Kf6 54. Ne2 Nf5 55. Kf2 Ne3 56. Nc1 Rxb2 57. Rxb2 Nd1+ 58. Kf3 Nxb2 59. Ne2 Nc4 60. Nc3 Kf5 61. Ne4 e5 62. fxe5 Nxe5+ 63. Ke3 Kg4 64. Kf2 Kh3 65. Nc3 Ng4+ 66. Kf3 Nf6 67. Ne2 Nd5 68. Kf2 Ne7 69. Ng1+ Kg4 70. Nf3 f6 71. Kg2 Nc6 72. Nh2+ Kf5 73. Nf1 Ke4 74. Kf2 Nd4 75. Ne3 f5 76. Ng2 Ne6 77. Ne1 f4 78. Kg2 Nd4 79. gxf4 Nf5 80. Kh3 Ne3 81. Kg3 Nf1+ 82. Kf2 Nd2 83. Ng2 Nf3 84. f5 gxf5 85. Kg3 Nd2 86. Kf2 f4 87. Ne1 f3 88. Nc2 Kf4 89. Ne1 Ne4+ 90. Kf1 Kg3 91. Nc2 Nd2+ 0-1

[Event "CHN-ch Gp-B"]
[Site "Liaocheng"]
[Date "2024.04.21"]
[Round "1"]
[White "Chen, Zimu"]
[Black "Zhang, Jiakun"]
[Result "1-0"]
[WhiteElo "2075"]
[BlackElo "1599"]
[PlyCount "79"]
[EventDate "2024.04.21"]
[EventType "swiss"]
[EventRounds "11"]
[EventCountry "CHN"]
[SourceTitle "CBM 219 Extra"]
[Source "ChessBase"]
[SourceDate "2024.05.31"]
[SourceVersion "1"]
[SourceVersionDate "2024.05.31"]
[SourceQuality "1"]

1. e4 c5 2. c3 Nf6 3. e5 Nd5 4. Nf3 e6 5. d4 cxd4 6. cxd4 Nc6 7. Bd3 Qb6 8. Nc3 Nxc3 9. bxc3 d5 10. exd6 Bxd6 11. 0-0 Qc7 12. c4 Bd7 13. Bb2 Nb4 14. Be2 0-0 15. Qd2 a5 16. g3 b6 17. a3 Na6 18. Rac1 Qd8 19. c5 Be7 20. c6 Bc8 21. Ne5 Nc7 22. f4 Nd5 23. Bf3 Bd6 24. f5 Ra7 25. Rfe1 Rc7 26. Qg2 Ne7 27. fxe6 Bxe6 28. d5 Bf5 29. Nc4 Bc5+ 30. Kh1 Nc8 31. Nxa5 Ra7 32. Nb7 Rxb7 33. cxb7 Nd6 34. Qe2 Nxb7 35. Qe5 Qg5 36. d6 Nxd6 37. Rxc5 bxc5 38. Qxd6 Bh3 39. Qe5 Qh6 40. a4 1-0

[Event "Daqing Boyi Cup-A"]
[Site "Daqing"]
[Date "2023.08.15"]
[Round "6"]
[White "Zhang, Zhuoran"]
[Black "Chen, Zimu"]
[Result "0-1"]
[WhiteElo "1859"]
[BlackElo "1899"]
[PlyCount "84"]
[EventDate "2023.08.13"]
[EventType "swiss"]
[EventRounds "9"]
[EventCountry "CHN"]
[SourceTitle "EXT 2024"]
[Source "ChessBase"]
[SourceDate "2023.10.10"]
[SourceVersion "1"]
[SourceVersionDate "2023.10.10"]
[SourceQuality "1"]

1. e4 d6 2. d4 Nf6 3. Nc3 e5 4. dxe5 dxe5 5. Qxd8+ Kxd8 6. Bg5 Be6 7. Nf3 Nbd7 8. Nd5 c6 9. Bxf6+ gxf6 10. Ne3 Nc5 11. Nd2 Bh6 12. Ke2 Ke7 13. g3 b5 14. b3 a5 15. a3 Rhd8 16. Bg2 Rd4 17. Nf3 Bxe3 18. fxe3 Rd6 19. Rhd1 Nxe4 20. Rxd6 Nxd6 21. Nd2 Bd5 22. e4 Be6 23. a4 b4 24. Ke3 c5 25. Bf1 Rc8 26. Bc4 Bxc4 27. bxc4 f5 28. exf5 Nxf5+ 29. Ke4 Ke6 30. g4 Nd4 31. Rf1 Rg8 32. h3 h5 33. Kd3 hxg4 34. hxg4 Rxg4 35. Ne4 f5 36. Nxc5+ Kd6 37. Nb7+ Kc7 38. Nxa5 Rg3+ 39. Kd2 Rg2+ 40. Kd3 Rxc2 41. c5 Rc3+ 42. Kd2 Rxc5 0-1

[Event "CHN-ch U12"]
[Site "Shenzhen"]
[Date "2023.08.01"]
[Round "10"]
[White "Chen, Zimu"]
[Black "Song, Tianrui1"]
[Result "1-0"]
[WhiteElo "1899"]
[BlackElo "1719"]
[PlyCount "65"]
[EventDate "2023.07.28"]
[EventType "swiss"]
[EventRounds "11"]
[EventCountry "CHN"]
[SourceTitle "CBM 215 Extra"]
[Source "ChessBase"]
[SourceDate "2023.09.30"]
[SourceVersion "1"]
[SourceVersionDate "2023.09.30"]
[SourceQuality "1"]

1. e4 c5 2. g3 Nc6 3. Bg2 Nf6 4. Ne2 e5 5. 0-0 Be7 6. Nbc3 0-0 7. d3 d6 8. h3 Rb8 9. a4 a6 10. Kh2 b5 11. axb5 axb5 12. f4 b4 13. Nb1 Bb7 14. Nd2 Ra8 15. Rxa8 Qxa8 16. Nc4 Re8 17. g4 Nd7 18. Ng3 Nd4 19. c3 bxc3 20. bxc3 Ne6 21. f5 Nc7 22. f6 Nxf6 23. Nf5 Ne6 24. g5 Nd7 25. Nfxd6 Rf8 26. Qg4 Bxd6 27. Nxd6 Qa6 28. Nf5 Qxd3 29. g6 Nf6 30. Ne7+ Kh8 31. Rxf6 gxf6 32. g7+ Nxg7 33. Bh6 1-0